| 000 | 00371nam a2200145Ia 4500 | ||
|---|---|---|---|
| 008 | 240624s9999 xx 000 0 und d | ||
| 041 | _aeng | ||
| 082 | _a332.6 ROH | ||
| 100 | _aROHRICH MARTINA | ||
| 245 | _aFUNDAMENTALS OF INVESTMENT APPRAISAL AN | ||
| 250 | _a(2nd ed.) | ||
| 260 |
_c2014 _aGermany _bDE GRUYTER |
||
| 300 | _axviii, 194 p.; 23 cm. | ||
| 365 |
_c _b33 |
||
| 999 |
_c32231 _d32231 |
||